000 00830cam a22002414a 4500
020 _a0471444537 (cloth)
040 _cDLC
082 0 0 _a658 WIL 2003 A050 Or.
245 0 0 _aEssentials of entrepreneurship :
_bwhat it takes to create successful enterprises /
260 _aHoboken, N.J. :
_bWiley,
_cc2003.
300 _axiii, 370 p. ;
_c24 cm.
500 _aIncludes index.
650 0 _aNew business enterprises
650 0 _aNew business enterprises
650 0 _aNew business enterprises
650 0 _aCorporation law
650 0 _aEntrepreneurship
710 2 _aTiE (Organization)
856 4 2 _uhttp://www.loc.gov/catdir/bios/wiley046/2003043262.html
856 4 2 _uhttp://www.loc.gov/catdir/description/wiley039/2003043262.html
856 4 1 _uhttp://www.loc.gov/catdir/toc/wiley032/2003043262.html
942 _cEK
999 _c14291
_d14291